[Event "bluesman"]
[Site "http://www.queenalice.com/game.php?id=1557535"]
[Date "2019.1.21"]
[Round "4"]
[White "MarcosT"]
[Black "Orly"]
[Result "0-1"]
[WhiteElo "1893"]
[BlackElo "1931"]

1. e4 e5 2. Nf3 Nc6 3. Nc3 Bc5 4. Be2 d6 5. h3 Nf6 6. d3 d5 7. Bg5 dxe4 8. Nxe4
Be7 9. Nxf6+ Bxf6 10. Bxf6 Qxf6 11. Qd2 O-O 12. O-O-O Be6 13. a3 h6 14. g4 Rfe8
15. Rhe1 Rad8 16. Nh2 Qxf2 17. Nf3 e4 18. Rf1 Qb6 19. Nh4 exd3 20. Bxd3 Ne5 21.
g5 Nxd3+ 22. cxd3 Bb3 23. Rde1 Qc5+ 24. Kb1 Qxg5 25. Rxe8+ Rxe8 26. Qxg5 hxg5
27. Nf3 f6 28. Nd4 Ba4 29. Kc1 Rd8 30. Ne6 Rxd3 31. Nc5 Rd4 32. Nxa4 Rxa4 33.
Rd1 Rc4+ 34. Kb1 Kf7 35. b3 Rc3 36. Kb2 Rc6 37. Rd7+ Kg6 38. b4 b5 0-1

[Event "AUTO-ADV-4100"]
[Site "http://www.queenalice.com/game.php?id=1562383"]
[Date "2019.2.26"]
[Round "2"]
[White "Orly"]
[Black "betofortaleza"]
[Result "0-1"]
[WhiteElo "1964"]
[BlackElo "1930"]

1. d4 d5 2. c4 dxc4 3. e4 b5 4. Nf3 Bg4 5. Be2 e6 6. O-O Nf6 7. Bg5 Be7 8. Bxf6
Bxf6 9. e5 Be7 10. Nbd2 Nc6 11. h3 Bf5 12. Nb1 h6 13. a3 Be4 14. Nc3 Bd5 15.
Nxd5 Qxd5 16. Qd2 O-O 17. Rad1 f6 18. Nh4 fxe5 19. Ng6 Rf6 20. Nxe7+ Nxe7 21.
Bf3 Rxf3 22. gxf3 Qxf3 23. Qe3 Qf5 24. Qxe5 Qxh3 25. Qxc7 Nf5 26. Qb7 Rf8 27.
Qg2 Qh5 28. d5 Rf6 29. Qh2 Nh4 30. f4 e5 31. f5 Nf3+ 32. Rxf3 Qxf3 33. Rd2 Rxf5
34. Qf2 Rg5+ 35. Kf1 Qh1+ 36. Ke2 Rg2 37. d6 Rxf2+ 38. Kxf2 Qh4+ 39. Kf3 e4+ 40.
Ke3 Qg5+ 41. Ke2 Qg4+ 42. Ke3 Qd7 43. Kxe4 Kf8 44. Ke5 Ke8 45. Rd5 Kd8 46. Kd4
Qg4+ 47. Kc5 h5 48. Kxb5 h4 49. Kc5 h3 0-1

[Event "AUTO-ADV-4100"]
[Site "http://www.queenalice.com/game.php?id=1562384"]
[Date "2019.2.26"]
[Round "2"]
[White "betofortaleza"]
[Black "Orly"]
[Result "0-1"]
[WhiteElo "1900"]
[BlackElo "1939"]

1. e4 e5 2. Nf3 Nc6 3. Bc4 Be7 4. d3 d6 5. Nc3 Bg4 6. h3 Bh5 7. Be3 Nf6 8. Ng5
Bxd1 9. Nxf7 Qd7 10. Kxd1 Rf8 11. Ng5 Nd4 12. Bxd4 exd4 13. Be6 Qc6 14. Ne2 Qb5
15. b3 Qxg5 0-1

[Event "AUTO-ADV-4100"]
[Site "http://www.queenalice.com/game.php?id=1562385"]
[Date "2019.2.26"]
[Round "2"]
[White "Orly"]
[Black "MarcosT"]
[Result "1-0"]
[WhiteElo "1953"]
[BlackElo "1838"]

1. d4 g6 2. e4 Bg7 3. Bc4 d6 4. Ne2 Nf6 5. Nbc3 O-O 6. O-O Bg4 7. Qd3 Nc6 8. f3
Bd7 9. Be3 Na5 10. Rad1 Nxc4 11. Qxc4 a6 12. e5 dxe5 13. dxe5 b5 14. Qd4 c5 15.
Qxc5 Ne8 16. f4 Nc7 17. Ne4 Qc8 18. Qxe7 Bf5 19. Nd6 Qd7 20. Nxf5 1-0

[Event "AUTO-ADV-4100"]
[Site "http://www.queenalice.com/game.php?id=1562386"]
[Date "2019.2.26"]
[Round "2"]
[White "MarcosT"]
[Black "Orly"]
[Result "0-1"]
[WhiteElo "1818"]
[BlackElo "1947"]

1. e4 e5 2. Nf3 Nc6 3. d4 exd4 4. Bb5 Qe7 5. O-O a6 6. Bxc6 dxc6 7. Nxd4 Be6 8.
Re1 O-O-O 9. Be3 Qd6 10. Nc3 Qb4 11. a3 Qxb2 12. Nce2 c5 13. Rb1 Qxa3 14. Bc1
Qa4 15. Nc3 Qxd4 16. Qxd4 cxd4 17. Na4 b5 18. Nc5 Bxc5 19. Bb2 f6 20. Ra1 Kb7
21. Reb1 Ne7 22. c3 d3 0-1

[Event "AUTO-ADV-4100"]
[Site "http://www.queenalice.com/game.php?id=1564898"]
[Date "2019.3.20"]
[Round "3"]
[White "betofortaleza"]
[Black "Orly"]
[Result "0-1"]
[WhiteElo "1883"]
[BlackElo "1958"]

1. e4 e5 2. Bc4 Nf6 3. d3 Bc5 4. Bg5 O-O 5. Nc3 d6 6. Nd5 Nbd7 7. Qf3 c6 8. Bxf6
Nxf6 9. Nxf6+ Qxf6 10. Qxf6 gxf6 11. Nh3 Bxh3 12. gxh3 Kh8 13. O-O-O Bxf2 14.
Rdf1 Be3+ 15. Kb1 Bf4 16. c3 b5 17. Bb3 a5 18. Bd1 Rg8 19. Bg4 c5 20. d4 cxd4
21. cxd4 Rg5 22. d5 h5 23. Bd7 b4 24. h4 Rg2 25. Rc1 Bxc1 26. Rxc1 Rxh2 0-1

[Event "AUTO-ADV-4100"]
[Site "http://www.queenalice.com/game.php?id=1564899"]
[Date "2019.3.20"]
[Round "3"]
[White "Orly"]
[Black "betofortaleza"]
[Result "1-0"]
[WhiteElo "1971"]
[BlackElo "1864"]

1. d4 d5 2. c4 Nf6 3. cxd5 Qxd5 4. Nc3 Qa5 5. Bd2 Qb6 6. e3 e6 7. b3 Bd6 8. Nf3
Nc6 9. Bb5 a6 10. Bxc6+ Qxc6 11. O-O Ng4 12. h3 Nf6 13. Rc1 Bd7 14. Ne5 Bxe5 15.
dxe5 Ne4 16. Nxe4 Qxe4 17. f4 O-O-O 18. Qc2 Qxc2 19. Rxc2 Bb5 20. Rfc1 Bc6 21.
Kf2 Rhf8 22. a4 b5 23. axb5 Bxb5 24. Rxc7+ Kb8 25. Bb4 Rfe8 26. Bd6 Ka8 27. Rxf7
Rd7 28. Rxd7 Bxd7 29. Rc7 Bb5 30. Rxg7 Rc8 31. Rxh7 Rc2+ 32. Kg1 Bc6 33. Rg7 Rc3
34. Rg8+ Kb7 35. Rg6 Bd7 36. Rg7 Kc6 37. h4 Rxb3 38. Kf2 a5 39. h5 a4 40. h6 1-0

[Event "AUTO-ADV-4100"]
[Site "http://www.queenalice.com/game.php?id=1564902"]
[Date "2019.3.20"]
[Round "3"]
[White "Orly"]
[Black "Santista38"]
[Result "1-0"]
[WhiteElo "1941"]
[BlackElo "2123"]

1. d4 d5 2. c4 dxc4 3. e4 e6 4. Bxc4 Bb4+ 5. Nc3 Nf6 6. Bg5 Be7 7. Bxf6 Bxf6 8.
Nf3 Nc6 9. d5 exd5 10. Bxd5 Bxc3+ 11. bxc3 Bd7 12. O-O O-O 13. Qd3 Qf6 14. Rfe1
Rfe8 15. e5 Qg6 16. Qxg6 hxg6 17. Rad1 Bg4 18. Bxc6 bxc6 19. Rd3 Bxf3 20. Rxf3
a5 21. a4 Re6 22. Rd3 Kf8 23. f4 Ke8 24. Red1 f6 25. Kf2 fxe5 26. fxe5 Rxe5 27.
Rh3 Rf5+ 28. Rf3 Rd8 29. Rxd8+ Kxd8 30. Rxf5 gxf5 31. Kf3 Ke7 32. h4 Kf6 33. Kf4
g6 34. c4 c5 35. g4 fxg4 36. Kxg4 Kf7 37. Kf4 Kf6 38. Ke4 Kg7 39. Kd5 Kh6 40.
Kxc5 Kh5 41. Kc6 Kxh4 42. Kxc7 g5 43. c5 g4 44. c6 g3 45. Kd7 g2 46. c7 g1=Q 47.
c8=Q Qd1+ 48. Kc7 Qxa4 49. Kb6 Qb4+ 50. Ka6 a4 51. Qh8+ Kg3 52. Qg7+ Kf3 53.
Qf6+ Ke3 54. Qe6+ Kd3 55. Qd7+ Kc3 56. Qh3+ Kb2 57. Qg2+ Kb3 58. Qf3+ Ka2 59.
Qe2+ Ka3 60. Qd3+ Kb2 61. Qe2+ Kb3 62. Qd1+ Kc3 63. Qe1+ Kd4 64. Qf2+ Kc4 65.
Qe2+ Kb3 66. Qd1+ Ka3 67. Qa1+ Kb3 68. Qb1+ Kc3 69. Qe1+ Kd3 70. Qxb4 1-0

[Event "AUTO-ADV-4100"]
[Site "http://www.queenalice.com/game.php?id=1564903"]
[Date "2019.3.20"]
[Round "3"]
[White "Santista38"]
[Black "Orly"]
[Result "1/2-1/2"]
[WhiteElo "2096"]
[BlackElo "1947"]

1. d4 d5 2. Bf4 Nf6 3. Nc3 e6 4. e3 Bb4 5. Qf3 Ne4 6. Ne2 Bxc3+ 7. Nxc3 Nxc3 8.
bxc3 Nc6 9. Qg3 O-O 10. Bxc7 Qd7 11. Bf4 g6 12. Bh6 Re8 13. Bb5 Qe7 14. Bxc6
bxc6 15. O-O e5 16. dxe5 Qxe5 17. Qxe5 Rxe5 18. Bf4 Re7 19. Rab1 Rb7 20. Rxb7
Bxb7 21. Rb1 Ba6 22. Rb8+ Rxb8 23. Bxb8 Bc4 24. a3 a6 25. f3 f5 26. Kf2 Kg7 27.
Ke1 h5 28. h4 Kf6 29. f4 Ke6 30. Kd2 c5 31. a4 Bf1 32. g3 c4 33. Kc1 Kd7 34. Kb2
Kc6 35. Ka3 a5 36. Be5 Be2 37. Kb2 Kb6 38. Bf6 Bf3 39. Bd8+ Ka6 40. Kc1 Be4 41.
Bc7 Bf3 42. Kd2 Be4 43. Bd8 Bf3 44. Kc1 Be4 45. Bc7 Bf3 46. Kb2 Be4 47. Be5 Kb6
48. Bd4+ Kc6 49. Kb1 Bf3 50. Bf6 Kb6 51. Kc1 Be4 52. Bd8+ Ka6 53. Kd2 Bf3 54.
Bc7 Be4 55. Kd1 Bf3+ 56. Ke1 Bg2 57. Bd6 Kb6 58. Ba3 Be4 59. Kd1 Bf3+ 60. Kd2
Be4 61. Bc1 Bf3 62. Ke1 Be4 63. Kd1 Bf3+ 64. Kd2 Be4 65. Ba3 Kc6 1/2-1/2

[Event "AUTO-ADV-4175"]
[Site "http://www.queenalice.com/game.php?id=1570179"]
[Date "2019.5.8"]
[Round "1"]
[White "TheOperator"]
[Black "Orly"]
[Result "0-1"]
[WhiteElo "1638"]
[BlackElo "1922"]

1. e4 e5 2. Nc3 Bc5 3. Nf3 d6 4. Na4 Bb6 5. Nxb6 axb6 6. b3 Nf6 7. d3 Bg4 8. Bb2
c5 9. Be2 Bxf3 10. Bxf3 Nc6 11. c3 O-O 12. O-O Qe7 13. a4 g6 14. Ba3 Nd7 15. b4
Nd8 16. Bb2 Ne6 17. Qd2 f5 18. g3 Ng5 19. Be2 Qf6 20. exf5 Qxf5 21. Qe3 Rae8 22.
b5 e4 23. c4 Nf3+ 24. Kg2 Nde5 25. Bd1 Nxd3 26. Bc3 Ng5 27. Bc2 Qh3+ 0-1

[Event "AUTO-ADV-4175"]
[Site "http://www.queenalice.com/game.php?id=1570180"]
[Date "2019.5.8"]
[Round "1"]
[White "Orly"]
[Black "TheOperator"]
[Result "1-0"]
[WhiteElo "1938"]
[BlackElo "1604"]

1. e4 e5 2. Nf3 Nc6 3. Bb5 a6 4. Bxc6 dxc6 5. d3 Bd6 6. Be3 Nf6 7. Nbd2 c5 8.
Bg5 O-O 9. c4 b6 10. O-O c6 11. Qe2 b5 12. b3 a5 13. h3 h6 14. Bh4 Be6 15. Rae1
Be7 16. Nxe5 Qd6 17. f4 g6 18. Bxf6 Bxf6 19. Ndf3 Kg7 20. Rd1 b4 21. Kh1 a4 22.
d4 Qe7 23. Nxc6 Qc7 24. Nfe5 Bh4 25. d5 Bc8 26. d6 Qb7 27. d7 Bxd7 28. Nxd7 Rfe8
29. Nde5 a3 30. Rd7 Qc8 31. f5 gxf5 32. Rxf7+ Kg8 33. R1xf5 Qe6 34. Qg4+ 1-0

[Event "AUTO-ADV-4175"]
[Site "http://www.queenalice.com/game.php?id=1570195"]
[Date "2019.5.8"]
[Round "1"]
[White "ThiagoSousa"]
[Black "Orly"]
[Result "0-1"]
[WhiteElo "1791"]
[BlackElo "1927"]

1. e4 c5 2. Nf3 d6 3. Bd3 Nf6 4. O-O e5 5. Nc3 Bg4 6. h3 Bh5 7. Qe2 Nc6 8. Nd5
Nd4 9. Qe3 Nxd5 10. exd5 Bxf3 11. gxf3 Be7 12. c3 a6 13. cxd4 cxd4 14. Qe4 g6
15. b3 Rc8 16. Ba3 O-O 17. Rac1 Qa5 18. Rxc8 Rxc8 19. Qg4 Rc7 20. Bc1 Qxa2 21.
b4 Qxd5 22. Qe4 Qxe4 23. Bxe4 f5 24. Bd5+ Kg7 25. d3 b5 26. Re1 f4 27. Bb2 Bh4
28. Re2 h5 29. Kg2 Be7 30. Re1 Kf6 31. Rg1 g5 32. Kh2 Rc2 33. Ba1 Rxf2+ 34. Rg2
Rf1 35. Bb2 Rd1 36. Be4 h4 37. Rc2 Rb1 38. Bc1 Rxb4 39. Rc6 Rb1 40. Ba3 b4 41.
Bc1 a5 42. Bd5 a4 43. Rb6 Rxc1 44. Rxb4 a3 45. Rc4 Rd1 46. Be4 a2 47. Ra4 a1=Q
48. Rxa1 Rxa1 49. Kg2 Ke6 50. Kf2 d5 51. Bg6 Bb4 52. Ke2 Rg1 53. Kf2 Rg3 54. Be8
Rxh3 55. Bb5 Rg3 0-1

[Event "AUTO-ADV-4175"]
[Site "http://www.queenalice.com/game.php?id=1570196"]
[Date "2019.5.8"]
[Round "1"]
[White "Orly"]
[Black "ThiagoSousa"]
[Result "0-1"]
[WhiteElo "1946"]
[BlackElo "1738"]

1. e4 c5 2. Nf3 Nc6 3. d4 Nxd4 4. Nxd4 cxd4 5. Qxd4 e6 6. Bd3 d5 7. e5 b6 8. O-O
Bc5 9. Qf4 Ne7 10. c3 O-O 11. Be3 Qc7 12. Bd4 Bxd4 13. cxd4 a6 14. Nd2 a5 15.
Rac1 Qd7 16. Nf3 Ba6 17. Bxh7+ Kxh7 18. Qh4+ Kg8 19. Rfd1 Be2 20. Rd2 Bxf3 21.
gxf3 Rfc8 22. Re1 Ng6 23. Qg5 Qe7 24. f4 Qxg5+ 25. fxg5 Nh4 26. Rd3 Rc2 27. Rb3
Rac8 28. Rh3 Rc1 29. Rf1 Rxf1+ 30. Kxf1 Nf5 31. Rc3 Rc4 32. Rb3 Rxd4 33. Rxb6
Rd2 34. a4 Nd4 35. b4 axb4 36. Rxb4 Nf3 37. Rb8+ Kh7 38. a5 Ra2 39. Ra8 Nxe5 40.
a6 Nc6 41. h4 Nb4 0-1

[Event "AUTO-ADV-4175"]
[Site "http://www.queenalice.com/game.php?id=1570207"]
[Date "2019.5.8"]
[Round "1"]
[White "Orly"]
[Black "Daniel1962"]
[Result "0-1"]
[WhiteElo "1971"]
[BlackElo "1739"]

1. e4 c5 2. Nf3 Nf6 3. e5 Ne4 4. d3 Nxf2 5. Kxf2 e6 6. Be2 Qb6 7. Re1 c4+ 8. Kf1
Be7 9. b3 Nc6 10. Be3 Qxe3 11. Qd2 Qc5 12. d4 Qb4 13. c3 Qb6 14. Bxc4 h6 15. Qd3
d5 16. Bb5 Bd7 17. Nbd2 Ba3 18. Bxc6 Bxc6 19. c4 dxc4 20. Nxc4 Qa6 21. Kf2 Bxf3
22. Qxf3 O-O 23. Nxa3 Qxa3 24. Kg3 Qe7 25. Rac1 Qg5+ 26. Kf2 Qh4+ 27. Qg3 Qxd4+
28. Qe3 Qxe3+ 29. Rxe3 Rad8 30. Rc7 Rd2+ 31. Re2 Rxe2+ 32. Kxe2 Rb8 33. a4 a5
34. Kd3 b5 35. Ra7 bxa4 36. bxa4 Rb2 37. Rxa5 Rxg2 38. Ra8+ Kh7 39. a5 Rxh2 40.
a6 Ra2 41. Kd4 h5 42. Kc5 h4 43. Kb6 h3 44. Rc8 h2 45. Rc1 Rb2+ 46. Ka7 Kh6 47.
Ka8 Kh5 48. a7 g5 0-1

[Event "AUTO-ADV-4175"]
[Site "http://www.queenalice.com/game.php?id=1570208"]
[Date "2019.5.8"]
[Round "1"]
[White "Daniel1962"]
[Black "Orly"]
[Result "1/2-1/2"]
[WhiteElo "1695"]
[BlackElo "1983"]

1. c4 Nf6 2. Nc3 g6 3. e4 d6 4. Nf3 Bg4 5. Nd5 Bg7 6. Nxf6+ Bxf6 7. Be2 Bxf3 8.
Bxf3 Nc6 9. Qb3 Rb8 10. O-O O-O 11. d3 Nd4 12. Qd1 Qd7 13. Be3 e5 14. Bxd4 exd4
15. b4 c5 16. b5 b6 17. Bg4 Qe7 18. f4 Bg7 19. f5 Be5 20. fxg6 fxg6 21. Rxf8+
Rxf8 22. Qe2 Qg5 23. Be6+ Kg7 24. a4 Qe3+ 25. Qxe3 dxe3 26. Re1 Bd4 27. Re2 Kf6
28. Bd5 Ke5 29. h3 Rf2 30. Rxf2 exf2+ 31. Kf1 Kf4 32. Ke2 g5 33. Be6 h5 34. Bf7
h4 35. Bh5 Kg3 36. Bf3 Kf4 37. Bg4 Kg3 38. Bf3 Kh2 1/2-1/2

[Event "AUTO-OPEN-4073"]
[Site "http://www.queenalice.com/game.php?id=1576136"]
[Date "2019.7.2"]
[Round "1"]
[White "RaulSoft"]
[Black "Orly"]
[Result "1-0"]
[WhiteElo "2355"]
[BlackElo "1964"]

1. d4 d5 2. e3 Nf6 3. Nf3 Bg4 4. c4 c6 5. h3 Bh5 6. b3 e6 7. Be2 Bxf3 8. Bxf3
Bb4+ 9. Nd2 Nbd7 10. O-O O-O 11. Qc2 g6 12. Bb2 Rc8 13. a3 Bxd2 14. Qxd2 b6 15.
Rfc1 Qe7 16. a4 a5 17. Ba3 c5 18. Qc2 Rfd8 19. dxc5 bxc5 20. Bb2 Nb6 21. Qc3 d4
22. Qxa5 Nbd7 23. exd4 cxd4 24. Bxd4 e5 25. Re1 Re8 26. Bb2 e4 27. Qc3 Qc5 28.
Bg4 Ne5 29. Bxc8 Qxc8 30. a5 Nh5 31. Re3 f6 32. Rxe4 Qf5 33. Qe3 Nf3+ 34. gxf3
Rxe4 35. fxe4 1-0

[Event "AUTO-OPEN-4073"]
[Site "http://www.queenalice.com/game.php?id=1576137"]
[Date "2019.7.2"]
[Round "1"]
[White "Orly"]
[Black "RaulSoft"]
[Result "0-1"]
[WhiteElo "1962"]
[BlackElo "2358"]

1. d4 d5 2. Bf4 c5 3. Bxb8 Rxb8 4. c3 e6 5. Nf3 Qb6 6. Qc2 Nf6 7. e3 Bd6 8. Be2
O-O 9. Nbd2 Qc7 10. g3 b6 11. O-O Bb7 12. Nh4 g6 13. Rae1 e5 14. a3 cxd4 15. c4
dxe3 16. fxe3 Kg7 17. Rf2 Be7 18. b4 Rbc8 19. Ref1 dxc4 20. Qxc4 Qxc4 21. Nxc4
Ne4 22. Rg2 Nc3 23. Nf3 Nxe2+ 24. Rxe2 Rxc4 25. Nxe5 Re4 26. Nd3 Ba6 27. Rd1 Rd8
28. Red2 Rxe3 29. Nf4 Rxd2 30. Rxd2 Rxa3 31. Nd5 Bf8 32. Rb2 Bb7 33. Nf4 Ra4 34.
b5 Bc5+ 35. Kf1 Bf3 36. Ng2 Ra1+ 37. Ne1 Bd5 38. Ke2 Bc4+ 39. Kd2 Ba3 0-1

[Event "AUTO-OPEN-4073"]
[Site "http://www.queenalice.com/game.php?id=1576156"]
[Date "2019.7.2"]
[Round "1"]
[White "popcorn"]
[Black "Orly"]
[Result "1-0"]
[WhiteElo "2196"]
[BlackElo "1960"]

1. d4 d5 2. c4 c6 3. Nf3 Nf6 4. Nc3 Bg4 5. e3 Ne4 6. Qb3 Qc7 7. cxd5 Nxc3 8.
Qxc3 Bxf3 9. gxf3 g6 10. Bd2 Bg7 11. Rc1 O-O 12. dxc6 Nxc6 13. f4 Qb6 14. b4
Rac8 15. Qb3 e6 16. Bg2 Rfd8 17. O-O a5 18. bxa5 Qxb3 19. axb3 f5 20. a6 Rb8 21.
axb7 Ne7 22. Rc7 Kf8 23. Bb4 Bf6 24. Bc6 h5 25. Ra1 h4 26. Ra8 g5 27. Rxb8 1-0

[Event "AUTO-OPEN-4073"]
[Site "http://www.queenalice.com/game.php?id=1576157"]
[Date "2019.7.2"]
[Round "1"]
[White "Orly"]
[Black "popcorn"]
[Result "0-1"]
[WhiteElo "1953"]
[BlackElo "2203"]

1. d4 Nf6 2. Nc3 d5 3. Nf3 g6 4. e3 Bg7 5. Bd3 O-O 6. Ne5 c5 7. O-O Nbd7 8. f4
cxd4 9. exd4 Qb6 10. Be3 Qxb2 11. Qd2 Qb6 12. Rab1 Qc7 13. Nb5 Qd8 14. c4 e6 15.
c5 Ne8 16. a4 f6 17. Nf3 Nb8 18. g3 Nc6 19. Rfe1 a6 20. Nc3 Qc7 21. Nh4 Qf7 22.
Ne2 f5 23. Nf3 Nf6 24. h3 Ne4 25. Bxe4 fxe4 26. Nh4 Bf6 27. Kh2 Bxh4 28. gxh4
Ne7 29. Ng3 Kh8 30. Rf1 Nc6 31. Rf2 Qc7 32. Ne2 Na5 33. Qc3 Bd7 34. Ng3 Nc6 35.
Bd2 Kg8 36. Rg1 Ne7 37. Qe3 Bxa4 38. Kh1 Kh8 39. h5 Be8 40. hxg6 Bxg6 41. h4 Bf5
42. Nxf5 Nxf5 43. Qh3 Rg8 44. Be3 Rxg1+ 45. Kxg1 Rg8+ 46. Rg2 Rxg2+ 47. Kxg2
Qg7+ 48. Kh2 Qh6 49. Kg2 Qxh4 50. Qxh4 Nxh4+ 51. Kf2 Nf5 0-1

[Event "AUTO-ADV-4224"]
[Site "http://www.queenalice.com/game.php?id=1581317"]
[Date "2019.8.24"]
[Round "1"]
[White "roqqk"]
[Black "Orly"]
[Result "0-1"]
[WhiteElo "1671"]
[BlackElo "1960"]

1. e4 e5 2. Nf3 Nc6 3. a3 Bc5 4. Bc4 Nf6 5. h3 Nxe4 6. O-O d5 7. Ba2 Be6 8. d3
Nd6 9. Nc3 d4 10. Nd5 O-O 11. Ng5 Bxd5 12. Bxd5 h6 13. Nf3 Qf6 14. h4 Nf5 15.
Bxc6 bxc6 16. c3 Nxh4 17. Nxh4 Qxh4 18. c4 f5 19. b4 Be7 20. c5 f4 21. f3 Qf6
22. a4 Qg6 23. Qb3+ Kh8 24. Qc4 Bh4 25. Bd2 Bg3 26. Rfc1 Qh5 27. Qe6 Qh2+ 28.
Kf1 Qh1+ 29. Ke2 Qxg2+ 30. Kd1 Qxf3+ 31. Kc2 Qd5 32. Qe7 Rac8 33. b5 Rfe8 0-1

[Event "AUTO-ADV-4224"]
[Site "http://www.queenalice.com/game.php?id=1581318"]
[Date "2019.8.24"]
[Round "1"]
[White "Orly"]
[Black "roqqk"]
[Result "1-0"]
[WhiteElo "1953"]
[BlackElo "1739"]

1. d4 d5 2. c4 Nf6 3. cxd5 Nxd5 4. e4 Nf6 5. e5 Nd5 6. Nf3 e6 7. Bc4 h6 8. Bxd5
Qxd5 9. Nc3 Bb4 10. O-O Bxc3 11. bxc3 Nd7 12. Qd3 b6 13. Ba3 f6 14. c4 Qc6 15.
exf6 Nxf6 16. Qg6+ Kd7 17. Ne5+ 1-0

[Event "AUTO-ADV-4224"]
[Site "http://www.queenalice.com/game.php?id=1581331"]
[Date "2019.8.24"]
[Round "1"]
[White "Olipika"]
[Black "Orly"]
[Result "1-0"]
[WhiteElo "1926"]
[BlackElo "1944"]

1. e4 e5 2. Nf3 Nc6 3. d4 exd4 4. Nxd4 Bc5 5. Nf3 d6 6. Bc4 Bg4 7. Qd5 Qe7 8.
Bg5 f6 9. Be3 Bxe3 10. fxe3 Bxf3 11. gxf3 O-O-O 12. Nc3 f5 13. Qxf5+ Kb8 14. Nd5
Qd7 15. Qxd7 Rxd7 16. O-O-O Nf6 17. Rhg1 Nxd5 18. Rxd5 g6 19. Bb5 a6 20. Bxc6
bxc6 21. Ra5 Ka7 22. Rd1 Rf8 23. f4 Rff7 24. c4 c5 25. Ra3 h6 26. Rad3 a5 27. e5
Rfe7 28. h4 Kb7 29. exd6 cxd6 30. Rxd6 Kc7 31. Rxg6 Rxe3 32. Rxd7+ Kxd7 33. Rxh6
Re4 34. f5 Rxc4+ 35. Kd2 Ke7 36. Re6+ Kf7 37. h5 Rh4 38. h6 Rh5 39. Re5 Rxh6 40.
Rxc5 a4 41. Kc3 Rh1 42. Ra5 Rh4 43. Kd3 Kf6 44. b3 axb3 45. axb3 Rf4 46. Ke3
Rxf5 47. Rxf5+ Kxf5 48. Kd4 Ke6 49. Kc5 Kd7 50. Kb6 Kc8 51. Ka7 Kc7 52. b4 Kc6
53. Ka6 Kc7 54. b5 Kb8 55. b6 Ka8 56. Ka5 Kb7 57. Kb5 Kc8 58. Ka6 1-0

[Event "AUTO-ADV-4224"]
[Site "http://www.queenalice.com/game.php?id=1581332"]
[Date "2019.8.24"]
[Round "1"]
[White "Orly"]
[Black "Olipika"]
[Result "0-1"]
[WhiteElo "1964"]
[BlackElo "1859"]

1. e4 c5 2. Bc4 Nc6 3. Nc3 Nf6 4. Nge2 e6 5. d3 d5 6. exd5 exd5 7. Bb5 Bd7 8.
Bxc6 Bxc6 9. O-O Bd6 10. Bg5 d4 11. Ne4 Bxe4 12. dxe4 h6 13. Bxf6 Qxf6 14. g3
O-O 15. f4 Bc7 16. e5 Qf5 17. Qd3 Qxd3 18. cxd3 f5 19. Rae1 Rae8 20. Nc1 Re6 21.
Nb3 b6 22. Kg2 g6 23. Nd2 b5 24. b3 Ba5 25. Re2 Bxd2 26. Rxd2 Rd8 27. Kf3 h5 28.
Rc1 Rc8 29. h3 Kg7 30. Rdc2 Rec6 31. g4 h4 32. g5 a5 33. a3 Kf7 34. b4 axb4 35.
axb4 c4 36. dxc4 bxc4 37. b5 Rc5 38. b6 c3 39. Ke2 Rb5 40. Kd3 Rd8 41. Ra2 Rxb6
42. Ra7+ Ke6 43. Rh7 Rb2 44. Rxh4 Rd2+ 45. Kc4 Rc8+ 46. Kb3 Rb2+ 47. Ka3 Ra8#
0-1

[Event "AUTO-ADV-4224"]
[Site "http://www.queenalice.com/game.php?id=1581341"]
[Date "2019.8.24"]
[Round "1"]
[White "Orly"]
[Black "agilulfo"]
[Result "0-1"]
[WhiteElo "1918"]
[BlackElo "2119"]

1. e4 c5 2. Bc4 d6 3. Qh5 g6 4. Qf3 Nf6 5. Ne2 Bg7 6. Nbc3 O-O 7. d3 a6 8. h3 b5
9. Bb3 Bd7 10. Bg5 Bc6 11. O-O a5 12. a3 Nbd7 13. Rad1 b4 14. axb4 axb4 15. Nd5
Nxd5 16. exd5 Bb7 17. c3 bxc3 18. bxc3 Ra3 19. Rb1 Qa8 20. Bxe7 Re8 21. Qe3 Bxd5
22. Bxd5 Qxd5 23. Nf4 Qe5 24. Qxe5 Nxe5 25. Bxd6 Rxc3 26. Bxc5 Rxc5 27. d4 Rc4
28. dxe5 Rxf4 29. g3 Rd4 30. f4 Rd2 31. h4 Rc8 32. Rf2 Rxf2 33. Kxf2 Bf8 34. Kf3
h5 35. Rb3 Kg7 36. g4 hxg4+ 37. Kxg4 Kh6 38. Rb7 Kg7 39. Kg5 Rc6 40. h5 gxh5 41.
Kxh5 Re6 42. Kg5 Be7+ 43. Kf5 Bh4 44. Kg4 Be1 0-1

[Event "AUTO-ADV-4224"]
[Site "http://www.queenalice.com/game.php?id=1581342"]
[Date "2019.8.24"]
[Round "1"]
[White "agilulfo"]
[Black "Orly"]
[Result "1-0"]
[WhiteElo "2108"]
[BlackElo "1927"]

1. d4 d5 2. c4 c6 3. Nc3 Nf6 4. Nf3 Bg4 5. cxd5 Bxf3 6. exf3 Nxd5 7. g3 e6 8.
Bg2 Bb4 9. Bd2 O-O 10. O-O Bxc3 11. bxc3 b5 12. Re1 Nd7 13. Qb3 a5 14. a4 Qb6
15. axb5 cxb5 16. c4 Nc7 17. c5 Qb8 18. Bxa5 Ra7 19. f4 Nf6 20. Bc6 Nfd5 21.
Bxc7 Nxc7 22. Rxa7 Qxa7 23. f5 exf5 24. Re7 Qa1+ 25. Kg2 Ne6 26. d5 Nd4 27. Qe3
h6 28. d6 Nxc6 29. d7 Nxe7 30. Qxe7 Qa8+ 31. Kh3 Qd8 32. Qxd8 Rxd8 33. c6 Kh7
34. c7 Rxd7 35. c8=Q Rd5 36. Qc6 Re5 37. Qc7 f6 38. Kg2 h5 39. h4 Kg6 40. Kf3
Re4 41. Qc2 b4 42. Kg2 Kf7 43. f3 1-0